Catálogo

CONTABILIDAD INTERMEDIA (Registro nro. 28450)

Detalles MARC
000 -LEADER
fixed length control field 00447nam a2200181 a 4500
001 - CONTROL NUMBER
control field 28450
005 - DATE AND TIME OF LATEST TRANSACTION
control field 20180713231333.0
008 - FIXED-LENGTH DATA ELEMENTS--GENERAL INFORMATION
fixed length control field 140415s2001 mx 000 0 spa d
020 ## - INTERNATIONAL STANDARD BOOK NUMBER
International Standard Book Number 9706860371
041 ## - LANGUAGE CODE
Language code of text/sound track or separate title spa
082 ## - DEWEY DECIMAL CLASSIFICATION NUMBER
Classification number 657.04
Item number NIK
100 1# - MAIN ENTRY--PERSONAL NAME
Personal name A. NIKOLA, LOREN
245 10 - TITLE STATEMENT
Title CONTABILIDAD INTERMEDIA
250 ## - EDITION STATEMENT
Edition statement 8° EDICIÓN
260 ## - PUBLICATION, DISTRIBUTION, ETC.
Place of publication, distribution, etc. MEXICO :
Name of publisher, distributor, etc. MC GRAW HILL,
Date of publication, distribution, etc. 2001
520 ## - SUMMARY, ETC.
Summary, etc. CG
650 14 - SUBJECT ADDED ENTRY--TOPICAL TERM
Topical term or geographic name entry element CONTABILIDAD
Existencias
Withdrawn status Lost status Source of classification or shelving scheme Damaged status Not for loan Collection code Home library Current library Shelving location Date acquired Source of acquisition Total Checkouts Full call number Barcode Date last seen Price effective from Koha item type Inventory number Date last checked out
    Dewey Decimal Classification     General Biblioteca Karol Wojtyla Biblioteca Karol Wojtyla Sala general 03/12/2013 Compra 1 657.044 NIK 71971 05/01/2026 03/12/2013 Libro 151000000000000000024840 06/11/2018
    Dewey Decimal Classification     General Tehuacán Tehuacán Sala general 03/12/2013 Compra   657.04 NIK 502074 08/01/2025 03/12/2013 Libro